00402 2200157 4500001002100000005001500021008004100036035001900077041000700096082001000103090001600113245002300129260003300152300001800185650004100203INLIS00000000001635520241224115117241224||||||||| | ||| |||| || |  0010-1224016355 aid0 a635.9 a635.9 LEM t00aTanaman Pekarangan aJakartabbalai pustakac1980 a97hlm;16x23cm 0aPertanian & Teknologi Yang Berkaitan